All American Ambassadors to the U.N. - Statistics

General Stats
  • This quiz has been taken 8 times
    2 since last reset
  • The average score is 11 of 32
Answer Stats
Place of Origin President Ambassador % Correct
Illinois John F. Kennedy Adlai Stevenson II
100%
Louisiana Jimmy Carter Andrew Young
100%
Connecticut Richard Nixon George H.W. Bush
100%
Massachusetts Dwight D. Eisenhower Henry Cabot Lodge Jr.
100%
Czechoslovakia Bill Clinton Madeleine Albright
100%
South Carolina Donald Trump Nikki Haley
100%
Illinois Lyndon B. Johnson Arthur Goldberg
50%
Mexico/California/Massachusetts Bill Clinton Bill Richardson
50%
New York Gerald Ford Daniel Patrick Moynihan
50%
Illinois Jimmy Carter Donald McHenry
50%
Oklahoma/Illinois Ronald Reagan Jeane Kirkpatrick
50%
Ohio Gerald Ford John A. Scali
50%
Maryland George W. Bush John Bolton
50%
Louisiana Joe Biden Linda Thomas-Greenfield
50%
Ireland/Pennsylvania Barack Obama Samantha Power
50%
D.C. Barack Obama Susan Rice
50%
New York Richard Nixon Charles W. Yost
0%
Louisiana George H.W. Bush Edward J. Perkins
0%
Illinois Harry S.Truman Edward Stettinius Jr.
0%
Illinois Lyndon B. Johnson George Ball
0%
New York Dwight D. Eisenhower James Jeremiah Wadsworth
0%
Minnesota Lyndon B. Johnson James Russell Wiggins
0%
Missouri George W. Bush John Danforth
0%
New York George W. Bush John Negroponte
0%
Kentucky Donald Trump Kelly Craft
0%
Florida Donald Trump Mike Waltz
0%
New York Bill Clinton Richard Holbrooke
0%
New Jersey George H.W. Bush Thomas R. Pickering
0%
Britain/France Ronald Reagan Vernon A. Walters
0%
Vermont Harry S. Truman Warren Austin
0%
Pennsylvania Gerald Ford William Scranton
0%
Afghanistan George W. Bush Zalmay Khalilzad
0%
No matching quizzes found
Score Distribution
Percent of People with Each Score
Percentile by Number Answered
Your Score History
You have not taken this quiz since the last reset